Visualizzazione normale
Vista MARC
- Pier Giorgio Frassati,
di Personal Name
Records bibliografici associati: 1
001 - CONTROL NUMBER
- control field: 41459
003 - CONTROL NUMBER IDENTIFIER
- control field: IT-RoINE
005 - DATE AND TIME OF LATEST TRANSACTION
- control field: 20171103100607.0
008 - FIXED-LENGTH DATA ELEMENTS
- fixed length control field: 171103|| aca||aabn | a|a d
040 ## - CATALOGING SOURCE
- Original cataloging agency: IT-RoINE
- Transcribing agency: IT-RoINE
100 ## - HEADING--PERSONAL NAME
- Personal name: Pier Giorgio Frassati,
- Titles and other words associated with a name: Beato,
- Dates associated with a name: 1901-1925
670 ## - SOURCE DATA FOUND
- Source citation: Work cat.: (IT-RoINE)0: Frassati, Luciana, 1902-2007 41458, Una vita mai spenta /, 1992.